Writing matters : (Record no. 4061)
[ view plain ]
| 000 -LEADER | |
|---|---|
| fixed length control field | 00604nam a22001937a 4500 |
| 003 - CONTROL NUMBER IDENTIFIER | |
| control field | OSt |
| 005 - DATE AND TIME OF LATEST TRANSACTION | |
| control field | 20220317083502.0 |
| 008 - FIXED-LENGTH DATA ELEMENTS--GENERAL INFORMATION | |
| fixed length control field | 220317b ||||| |||| 00| 0 eng d |
| 020 ## - INTERNATIONAL STANDARD BOOK NUMBER | |
| International Standard Book Number | 9780077429645 |
| 040 ## - CATALOGING SOURCE | |
| Transcribing agency | Alupe University College |
| 050 ## - LIBRARY OF CONGRESS CALL NUMBER | |
| Classification number | PE1408 |
| Item number | .H68 2009 |
| 100 ## - MAIN ENTRY--PERSONAL NAME | |
| Personal name | Howard, Rebecca Moore |
| 245 ## - TITLE STATEMENT | |
| Title | Writing matters : |
| Remainder of title | a handbook for writing and research/ |
| Statement of responsibility, etc. | Rebecca Moore Howard |
| 260 ## - PUBLICATION, DISTRIBUTION, ETC. | |
| Place of publication, distribution, etc. | New York, NY : |
| Name of publisher, distributor, etc. | McGraw-Hill, |
| Date of publication, distribution, etc. | ©2010 |
| 300 ## - PHYSICAL DESCRIPTION | |
| Extent | xxx, 867 s. : |
| Other physical details | color illustrations |
| Dimensions | 16 cm |
| 504 ## - BIBLIOGRAPHY, ETC. NOTE | |
| Bibliography, etc. note | Includes Index |
| 650 ## - SUBJECT ADDED ENTRY--TOPICAL TERM | |
| Topical term or geographic name entry element | Skrivevejledning |
| 942 ## - ADDED ENTRY ELEMENTS (KOHA) | |
| Source of classification or shelving scheme | |
| Koha item type | Book |
| Suppress in OPAC | SO |
No items available.